000 00227nam a22000857a 4500
008 160704b xxu||||| |||| 00| 0 eng d
100 _91958
_a Neogy, J.L
245 _aRapidex Computer Course
260 _aNew Delhi
_bPustak Mahal
_c2005
999 _c1659
_d1659